000 00726nam a2200241Ia 4500
003 OSt
005 20220926025845.0
006 a|||||r|||| 00| 0
007 ta
008 220923b |||||||| |||| 00| 0 eng d
037 _cGeneral Book
040 _aRTL
_cRTL
_beng
041 _2eng
_aeng
082 _aX7243.1.N7, L4
110 _aOrganisation For Economic Cooperation And Development
_942521
245 0 _aTheoretical and empirical aspects of corporate tax
260 _aParis
_bO E C D
_c1947
300 _a76p
_ccm.
650 _aBusiness Tax
700 _aOrganisation For Economic Cooperation And Development
_942522
942 _hX7243.1.N7, L4
_cGB
_2CC
999 _c648127
_d648127